Biologi iman

Bibliographic Details
Main Author: عبد القادر, محمد محمود (Author)
Format: Book
Published: Jakarta : al-Hidayah , 1981
Subjects:

MARC

LEADER 00000cam a2200000 7i4500
001 0000006508
005 20050116093000.0
008 021119s1981
090 0 0 |a BP190.5.S3   |b A22 
100 0 |a عبد القادر, محمد محمود ,   |e author 
240 2 0 |a بيولوجية الايمان   |l [Bahasa Indonesia] 
245 1 0 |a Biologi iman   |c Muhammad Mahmud Abdul Kadir   |f alihbahasa Rusjdi Malik 
260 2 |a Jakarta :   |b al-Hidayah ,   |c 1981 
300 |a 46 p. ;   |c 21 cm. 
650 0 |a Faith (Islam) 
650 0 |a Islam and science 
999 |a 1000007184   |b Book   |c OPEN SHELF (30 DAYS)   |e Gong Badak Campus 
999 |a 1000007187   |b Book   |c OPEN SHELF (30 DAYS)   |e Gong Badak Campus